000 00779nam a22001337a 4500
040 _cRUA
082 _aAGR SOU 2012 B052 Or.1
100 _aSOUNG MAKARA
245 _aComparison growing technique on mungban palnting in rainfed lowlan after harvesting wet season rice and uplaand,(ប្រៀបធៀបបច្ចេកទេសដំាដុះ លើការដំាដុះសណ្ដែកបាយ នៅតំបន់ទំនាបអាស្រ័យទឹកភ្លៀងក្រោយពេលច្រូតកាត់ស្រូវវស្សា និងទីទួល)
260 _aphnom penh
_bRUA
_c2012
300 _ax, 39p.
_cill.
856 _uhttps://drive.google.com/file/d/12Lc7O2waJ2qig3tKMyaZJbYNLkqP-jIT/view?usp=sharing
942 _cAGR
999 _c1191
_d1191